Członkowie Ekipy Friza - Statystyki

Ogólne statystyki
  • Ten quiz został rozwiązany 191 razy
  • Średni wynik to 9 z 11
Statystyki odpowiedzi
Ekipa % Poprawnych
Friz
100%
Wersow
99%
Tromba
96%
Mini majk
95%
Marcysia
88%
Murcix
88%
Patec
84%
fusialka
75%
Poczciwy Krzychu
75%
Nowciax
63%
Wujek Łukasz
36%
Nie znaleziono quizów pasujących do podanych kryteriów
Rozkład punktacji
Procent ludzi z każdym wynikiem
Percentyl według liczby udzielonych odpowiedzi
Twoja historia wyników
Nie rozwiązałeś tego quizu